000 00852nam a22002417a 4500
005 20240530110457.0
008 150614s2010 ua g 000 0 ara d
017 _a2010/22886
_bمصر . دار الكتب المصرية
020 _a9789774362519
040 _aEG-CaGPL
082 0 4 _221
_a939.2\
_bص ت
100 0 _aصلاح ابو السعد .
245 1 0 _aتاريخ و حضارة الحيثيون /
_cتاليف صلاح ابو السعد .
250 _aط1.
260 _aالقاهرة :
_bمكتبة النافذة ،
_c2011 .
300 _a256 ص ؛
_c24 سم .
651 0 4 _aالحيثيون .
651 0 4 _aالحيثيون
_xديانات .
651 0 4 _aالحيثيون
_xالاحوال الاقتصادية .
651 0 4 _aالحيثيون
_xتاريخ .
942 _2ddc
_cBK
999 _c61380
_d61380